书目信息 |
| 题名: |
物业管理英语
|
|
| 作者: | 唐玉华 编著 | |
| 分册: | ||
| 出版信息: | 广州 中山大学出版社 2000.09 |
|
| 页数: | 220页 | |
| 开本: | 32开 | |
| 丛书名: | ||
| 单 册: | ||
| 中图分类: | H31 | |
| 科图分类: | 10 | |
| 主题词: | 英语 | |
| 电子资源: | ||
| ISBN: | 7-306-01475-7 | |
| 000 | 00554nam0 2200205 45 | |
| 001 | 0011211826 | |
| 005 | 20001121184351.2 | |
| 010 | @a7-306-01475-7@d12.00元 | |
| 100 | @a20001121d2000 km y0chiy0120 ea | |
| 101 | 0 | @achi |
| 105 | @a z 000yy | |
| 200 | 1 | @a物业管理英语@AWu Ye Guan Li Ying Yu@f唐玉华编著@FTang Yu Hua Bian Zhu |
| 210 | @a广州@c中山大学出版社@d2000.09 | |
| 215 | @a220页@d32开 | |
| 606 | 0 | @a英语 |
| 690 | @aH31@v3 | |
| 692 | @a10 | |
| 701 | 0 | @a唐玉华@4编著 |
| 801 | @aCN@bPftUser@c20001121 | |
| 905 | @b419618-627@dH31@eT335=2@f10 | |
| 物业管理英语/唐玉华编著.-广州:中山大学出版社,2000.09 |
| 220页;32开 |
| ISBN 7-306-01475-7:12.00元 |
| ● |
| 相关链接 |
|
|
|
正题名:物业管理英语
索取号:H31/T335=2
 
预约/预借
| 序号 | 登录号 | 条形码 | 馆藏地/架位号 | 状态 | 备注 |
| 1 | 419618 | 204196182 | 社科二线400B/400B社科库 9排2列6层/ [索取号:H31/T335=2] | 在馆 | |
| 2 | 419619 | 204196191 | 社科二线400B/400B社科库 9排2列6层/ [索取号:H31/T335=2] | 在馆 | |
| 3 | 419620 | 204196208 | 社科二线400B/400B社科库 9排2列6层/ [索取号:H31/T335=2] | 在馆 | |
| 4 | 419621 | 204196217 | 社科二线400B/400B社科库 9排1列6层/ [索取号:H31/T335=2] | 在馆 | |
| 5 | 419622 | 204196226 | 语言库209/209语言库 86排3列5层/ [索取号:H31/T335=2] | 在馆 | |
| 6 | 419623 | 204196235 | 社科二线400B/400B社科库 9排2列6层/ [索取号:H31/T335=2] | 在馆 | |
| 7 | 419624 | 204196244 | 语言库209/209语言库 86排3列5层/ [索取号:H31/T335=2] | 在馆 | |
| 8 | 419625 | 204196253 | 社科二线400B/400B社科库 9排2列6层/ [索取号:H31/T335=2] | 在馆 | |
| 9 | 419626 | 204196262 | 社科二线400B/209语言库 80排1列1层/ [索取号:H31/T335=2] | 在馆 | |
| 10 | 419627 | 204196271 | 语言库209/209语言库 86排3列5层/ [索取号:H31/T335=2] | 在馆 |